00295 a2200109 4500001000700000020000600007040001100013100003700024240006000061245005500121362000900176164793 a  cMagnum aBarbosa, Claudio L. de Alvarenga10aEducacao fisica escolar: da alienacao a libertacaolpor10aEducacao fisica escolar: da alienacao a libertacao0 a1899